Flight /

"In 1858, on a plantation in Georgia, a young mother is suddenly sold, leaving behind her husband and their five-year-old son. Through a magical evening of storytelling, music and dance, the enslaved community comes together, not only to comfort father and son but to heal and strengthen themsel...

Full description

Bibliographic Details
Main Author: Woodard, Charlayne
Format: Book
Language:English
Published: New York : Dramatists Play Service, [2008]
Subjects:

MARC

Tag First Indicator Second Indicator Subfields
LEADER 00000cam a2200000Ia 4500
001 in00002549721
005 20151201090248.0
008 090220s2008 nyu 000 d eng d
020 |a 9780822223306 
020 |a 0822223309 
035 |a (OCoLC)ocn464590904 
035 |a (OCoLC)464590904 
040 |a BTCTA  |b eng  |c BTCTA  |d WIS  |d YDXCP  |d TXA  |d UtOrBLW 
043 |a n-us-ga 
049 |a TXAM 
090 |a PS3573.O614  |b F55 2008 
100 1 |a Woodard, Charlayne. 
245 1 0 |a Flight /  |c by Charlayne Woodard. 
264 1 |a New York :  |b Dramatists Play Service,  |c [2008] 
264 4 |c ©2008 
300 |a 48 pages ;  |c 20 cm. 
336 |a text  |b txt  |2 rdacontent 
337 |a unmediated  |b n  |2 rdamedia 
338 |a volume  |b nc  |2 rdacarrier 
500 |a A play for 2 men and 4 women (flexible casting). 
520 |a "In 1858, on a plantation in Georgia, a young mother is suddenly sold, leaving behind her husband and their five-year-old son. Through a magical evening of storytelling, music and dance, the enslaved community comes together, not only to comfort father and son but to heal and strengthen themselves."--P. 4 of cover. 
650 0 |a Slavery  |z Georgia  |v Drama. 
938 |a Baker and Taylor  |b BTCP  |n BK0008651526 
938 |a YBP Library Services  |b YANK  |n 3117329 
945 |a PromptCat  |b 898632 
946 |a stk 
947 |a A14840060704 
994 |a C0  |b TXA 
948 |a cataloged  |b h  |c 2010/2/19  |d c  |e nbehmer  |f 3:00:12 pm 
999 |a MARS 
999 f f |s 5f66ad64-4db8-3ef4-a8b4-d549cfb0e93f  |i 57547a55-62f8-3239-bdf7-438a8c409fb1  |t 0 
952 f f |p ric  |a Texas A&M University  |b Rellis Campus  |c Joint Library Facility  |d Remote Storage  |t 0  |e PS3573.O614 F55 2008  |h Library of Congress classification  |i unmediated -- volume  |m A14840060704 
998 f f |a PS3573.O614 F55 2008  |t 0  |l Remote Storage